header

The outside -of-sync Child (Record no. 256982)

MARC details
000 -LEADER
fixed length control field 00418nam a22001457a 4500
003 - CONTROL NUMBER IDENTIFIER
control field OSt
005 - DATE AND TIME OF LATEST TRANSACTION
control field 20180720153638.0
008 - FIXED-LENGTH DATA ELEMENTS--GENERAL INFORMATION
fixed length control field 180720b xxu||||| |||| 00| 0 eng d
020 ## - INTERNATIONAL STANDARD BOOK NUMBER
International Standard Book Number 201801272
040 ## - CATALOGING SOURCE
Transcribing agency N/A
100 ## - MAIN ENTRY--PERSONAL NAME
Personal name Kranowitz Carol Stock
245 ## - TITLE STATEMENT
Title The outside -of-sync Child
Remainder of title Recognizing and copingwith sensory integration dysfunction
260 ## - PUBLICATION, DISTRIBUTION, ETC. (IMPRINT)
Place of publication, distribution, etc NewYork
Name of publisher, distributor, etc Penguin Group L.t.d
Date of publication, distribution, etc 1998
942 ## - ADDED ENTRY ELEMENTS (KOHA)
Source of classification or shelving scheme Library of Congress Classification
Koha item type Long Loan Books
Holdings
Withdrawn status Lost status Source of classification or shelving scheme Damaged status Not for loan Collection code Home library Current library Shelving location Date acquired Total Checkouts Full call number Barcode Date last seen Price effective from Koha item type
    Library of Congress Classification     Non-fiction Rongo University Library Rongo University Library General Stacks 20/07/2018   RJ496.B7K72 201801272 20/07/2018 20/07/2018 Long Loan Books

© 2026 Rongo University
Contact us: librarian | system librarian | Rongo university